| 000 | 00794cam a2200217 4500 | ||
|---|---|---|---|
| 001 | ABS62669 | ||
| 008 | 000000n2000 000 0 eng u | ||
| 035 | _a(Sirsi) u107188 | ||
| 245 | _aCapital gains tax - more simplification | ||
| 260 | _c2000 | ||
| 490 |
_aRural Property Bulletin _v May/June 2000, 28-29(2) |
||
| 520 | _aIn the light of falling farming profits, asset sales are growing. A healthy residential market, ensures the disposal of surplus development land is highly profitable. The article aims to simplify the problematic area of capital gains tax (CGT). | ||
| 590 | _aABS | ||
| 650 | _aCAPITAL GAINS TAX | ||
| 650 | _aASSET SALES | ||
| 650 | _aDEVELOPMENT LAND | ||
| 650 | _aAGRICULTURAL FARM LAND | ||
| 650 | _aLAND PRICES | ||
| 690 | _aRURAL-MARKET | ||
| 942 | _n0 | ||
| 999 |
_c64076 _d64076 |
||